Jean-Marie Straub y Danièle Huillet: una biofilmografía
Zapisane w:
| 1. autor: | |
|---|---|
| Format: | Książka |
| Język: | hiszpański |
| Wydane: |
Barcelona
Intermedio
2010
|
| Hasła przedmiotowe: | |
| Etykiety: |
Dodaj etykietę
Nie ma etykietki, Dołącz pierwszą etykiete!
|
MARC
| LEADER | 00000cam a2200000 a 4500 | ||
|---|---|---|---|
| 001 | UCE3272 | ||
| 003 | CL-VaPUC | ||
| 008 | 140829e20100000sp |||||||||||||||||spa|d | ||
| 082 | 0 | 4 | |a 791.4309 |b ASI |2 21 |
| 100 | 0 | |a Asín, Manuel |e author |9 575829 | |
| 245 | 1 | 0 | |a Jean-Marie Straub y Danièle Huillet: una biofilmografía |
| 300 | |a 63 p | ||
| 942 | |c BK | ||
| 945 | |d 20140829 08:59:00 |a cmena | ||
| 260 | |a Barcelona |b Intermedio |c 2010 | ||
| 500 | |a Texto incluido en box volumen 1 de trabajos cinematográficos de ambos directores | ||
| 650 | 0 | |a Cinematografía |9 265198 | |
| 650 | 7 | |a DIRECTORES CINEMATOGRAFICOS |2 CL-VaPUC |9 575830 | |
| 650 | 7 | |a PELICULAS CINEMATOGRAFICAS |2 CL-VaPUC |9 575831 | |
| 650 | 0 | |a Bibliografías |9 257071 | |
| 583 | |a last modification |c 20140901 09:20:17 |k Rodrigo Vera | ||
| 999 | |c 356694 |d 356692 | ||
| 952 | |0 0 |1 0 |2 ddc |3 erb |4 0 |6 791_430900000000000_ASI_2010 |7 0 |8 X |9 464216 |a BIBART |b FDOSRS |i 5092906 |o 791.4309 ASI 2010 |p 5092906 |r 2025-03-13 |w 2019-11-23 |y BK_X |z Catalogado en:20140829 |k SRS | ||